GETS Theological Seminary Library

Matthew and the margins : (Record no. 38205)

MARC details
000 -LEADER
fixed length control field 00686nam a2200193Ia 4500
008 - FIXED-LENGTH DATA ELEMENTS--GENERAL INFORMATION
fixed length control field 210416s9999||||xx |||||||||||||| ||und||
020 ## - INTERNATIONAL STANDARD BOOK NUMBER
International Standard Book Number 1841271691
020 ## - INTERNATIONAL STANDARD BOOK NUMBER
International Standard Book Number 9781841271699
041 ## - LANGUAGE CODE
Language code of text/sound track or separate title eng
050 ## - LIBRARY OF CONGRESS CALL NUMBER
Classification number BS2575.3
Item number .C383 2000
100 ## - MAIN ENTRY--PERSONAL NAME
Personal name Carter, Warren
245 #0 - TITLE STATEMENT
Title Matthew and the margins :
Remainder of title a sociopolitical and religious reading
Statement of responsibility, etc. Warren Carter
260 ## - PUBLICATION, DISTRIBUTION, ETC.
Place of publication, distribution, etc. Sheffield, England :
Name of publisher, distributor, etc. Sheffield Academic Press,
Date of publication, distribution, etc. 2000
300 ## - PHYSICAL DESCRIPTION
Extent xx, 636 p. :
Other physical details ill. ;
Dimensions 24 cm.
490 ## - SERIES STATEMENT
Series statement Journal for the study of the New Testament. Supplement series ; 
Volume/sequential designation 204
650 ## - SUBJECT ADDED ENTRY--TOPICAL TERM
Topical term or geographic name entry element Bible. Matthew Commentaries.
650 ## - SUBJECT ADDED ENTRY--TOPICAL TERM
Topical term or geographic name entry element Bible. N.T. Matthew Social scientific criticism.
Holdings
Withdrawn status Lost status Damaged status Not for loan Home library Current library Shelving location Date acquired Cost, normal purchase price Total Checkouts Full call number Barcode Date last seen Price effective from Koha item type
        GETS Theological Seminary Library GETS Theological Seminary Library General Stacks 04/16/2021 24.50   BS2575.3 .C383 2000 00026110 04/16/2021 04/16/2021 English Books
OpacCredits

Contact the Librarian, GETS Library
Email: library@mygets.org









Implemented by GETS Library
(Powered by ETCA Professional Group)
GETS Theological Seminary
412 E. Rowland Street, CA 91723